Viikonpäivät ruotsiksi - Statistics

Yleistilastot
  • Tätä visaa on pelattu 797 kertaa
  • Keskiarvotulos 6 / 7
Vastaustilastot
Viikonpäivät % Oikein
Måndag
92%
Söndag
87%
Tisdag
87%
Fredag
84%
Lördag
83%
Onsdag
81%
Torsdag
78%
Ehtoja vastaavia visoja ei löytynyt
Tulosjakauma
Jokaisen tuloksen saaneiden osuus
Persentiili vastausten määrän mukaan
Tuloshistoriasi
Et ole pelannut tätä visaa